000 00838nam a22002417a 4500
999 _c5779
_d5779
003 OSt
005 20251106082433.0
008 251106b ||||| |||| 00| 0 eng d
020 _a9781338801910
040 _cKH8
082 _a741.5 PIL
100 1 _aBerenstain, Stan
_d1923-2005
245 1 4 _aThe Berenstain bears and the missing honey
_cStan & Jan Berenstain
260 _aNew York
_bRandom House
_c1987
300 _a32 pages
_bcolour illustration
_c21 cm x 14 cm
520 _aSister Bear, Brother Bear, Cousin Fred, and his hound Snuff search for the thief who stole Papa Bear's blackberry honey.
650 1 _aMystery and detective stories
650 1 _aBears
_xFiction
650 1 _aStories in rhyme
700 1 _aBerenstain, Jan
_d1923-2012
800 1 _aBerenstain, Stan
_d1923-2005
_tFirst time reader
942 _2ddc
_cGN